Loading...

Der Grosstyrann und das Gericht : Roman

Bibliographic Details
Main Author: Bergengruen, Werner
Format: Printed Book
Published: Zurich Im Verlag Der Arche 1949
Subjects:
LEADER 00427 a2200133 4500
999 |c 213605  |d 213605 
082 |a 833 BER 
100 1 |a Bergengruen, Werner 
245 1 4 |a Der Grosstyrann und das Gericht : Roman 
260 |a Zurich  |b Im Verlag Der Arche  |c 1949 
300 |a 319 p.  
650 |a German Fiction 
942 |c BK 
952 |0 0  |1 0  |4 0  |6 833_000000000000000_BER  |7 0  |9 227286  |a GER  |b GER  |d 2019-09-03  |l 0  |o 833 BER  |p GER314  |r 2019-09-03  |w 2019-09-03  |y BK